00534nam a2200169Ia 450000500170000000800410001702000150005808200130007310000210008624500450010726000470015230000130019950000360021294200060024895200950025499900150034920250626013336.0240331s9999 xx 000 0 und d a9559768301 bBANa364 aBandara Yapa,L.V 0aSri Lankawe aparadha pilibanda vimasumak aYakkalebLalith Vijitha Khandra Yapac2002 a105 p ., aA Survey of Crimes in Sri Lanka cL 001040708LaWERCLbWERCLcSSCd2024-03-31l0o 364 BANp4930r2024-03-31w2024-03-31yL c5095d5095